000
00250nam a2200097Ia 4500
008
120527s9999 xx 000 0 und d
100
_a
BECKER,Hellen
245
_a
Teaching ESL 19-12 views from the classroom.
260
_b
Thomas Learning
942
_c
BK
999
_c
23690
_d
23690